| 000 | 04838nam a22003137a 4500 | ||
|---|---|---|---|
| 005 | 20111010144729.0 | ||
| 010 | _aB-444270-274 | ||
| 020 |
_c25.00 _a8182632579 |
||
| 035 | _aB-444270-274 | ||
| 037 | _bबल्यूबैरी बुक्स | ||
| 082 | _a क | ||
| 100 |
_aपाई, रूपा _938039 |
||
| 245 |
_aदीदी, दीदी, रात को सूरज चाचा कहाँ छिप जाते हैं ? / _cरूपा पाई ; ग्रेस्ट्रोक द्वारा चित्रांकित; शोभित महाजन द्वारा अनुदित |
||
| 246 |
_a _b |
||
| 250 | _a5वाँ संस्क. | ||
| 260 |
_aनई दिल्ली _bप्रथम बुक्स _c2011 |
||
| 270 |
_aबी-3/4, प्रथम तल, सफदरज़ंग एन्क्लेव _bनई दिल्ली _e110 029 _k011-65684113 _l _mwww.prathambooks.org |
||
| 300 |
_a28पृ.; _c24सेमी (अजिल्द) _bसचित्र |
||
| 490 |
_a _938040 |
||
| 500 | _a | ||
| 700 |
_aग्रेस्ट्रोक के. विजया _932269 |
||
| 942 |
_2ddc _cCH _mसेनबे _h क |
||
| 999 |
_c57479 _d57479 |
||